Strabismus.
| Uniform Title: | Strabismus (Online) |
|---|---|
| Format: | Journal |
| Language: | English |
| Published: |
Buren, the Netherlands :
Aeolus Press,
1993-
[Lisse, the Netherlands] : Swets & Zeitlinger [Abingdon, Oxfordshire, UK] : Taylor & Francis [New York, NY] : Informa Healthcare USA [Abingdon, Oxfordshire, UK ] : |
| Subjects: | |
| Online Availability: |
|
MARC
| Tag | First Indicator | Second Indicator | Subfields |
|---|---|---|---|
| LEADER | 00000cas a2200000 a 4500 | ||
| 001 | in00002000648 | ||
| 005 | 20170928131748.0 | ||
| 006 | m o d | ||
| 007 | cr ||||||||||| | ||
| 008 | 990823c19939999ne qr pooo 0 0eng c | ||
| 010 | |a 2004263236 | ||
| 016 | 7 | |a 013363808 |2 Uk | |
| 019 | |a 51493897 | ||
| 022 | |a 1744-5132 |y 0927-3972 |y 0927-3972 | ||
| 029 | 1 | |a AU@ |b 000026373432 | |
| 029 | 1 | |a AU@ |b 000044928933 | |
| 029 | 1 | |a AU@ |b 000045716398 | |
| 029 | 1 | |a NZ1 |b 12445739 | |
| 029 | 1 | |a NZ1 |b 16262693 | |
| 029 | 1 | |a OCLCS |b 4209 | |
| 029 | 1 | |a OCLCS |b OP-32504 | |
| 035 | |a (OCoLC)ocm42208084 | ||
| 035 | |a (OCoLC)42208084 |z (OCoLC)51493897 | ||
| 037 | |b Taylor & Francis, Inc., 4 Park Sq, Milton Park, Abingdon, Oxfordshire OX14 4RN United Kingdom | ||
| 040 | |a F#A |b eng |c F#A |d OCLCQ |d TXA |d OCLCQ |d UKMGB |d OCLCQ |d OCLCO |d OCLCQ |d OCLCF |d OCLCO |d OCLCQ |d TXA |d UtOrBLW | ||
| 042 | |a pcc | ||
| 049 | |a TXAM | ||
| 050 | 1 | 4 | |a RE771 |b .S77 Electronic |
| 082 | 0 | 4 | |a 617.762 |
| 130 | 0 | |a Strabismus (Online) | |
| 245 | 1 | 0 | |a Strabismus. |
| 264 | 1 | |3 v. 1, no. 1-v. 7, no. 4: |a Buren, the Netherlands : |b Aeolus Press, |c 1993- | |
| 264 | 2 | 1 | |3 v. 8, no. 1-v. 11, no. 4: |a [Lisse, the Netherlands] : |b Swets & Zeitlinger |
| 264 | 2 | 1 | |3 v. 12, no. 1-v. 14, no. 2: |a [Abingdon, Oxfordshire, UK] : |b Taylor & Francis |
| 264 | 2 | 1 | |3 v. 14, no. 3-v. 23, no. 2: |a [New York, NY] : |b Informa Healthcare USA |
| 264 | 3 | 1 | |3 v. 23, no. 3- : |a [Abingdon, Oxfordshire, UK ] : |b Taylor & Francis |
| 264 | 4 | |c ©1993- | |
| 300 | |a 1 online resource | ||
| 310 | |a Quarterly | ||
| 336 | |a text |b txt |2 rdacontent | ||
| 337 | |a computer |b c |2 rdamedia | ||
| 338 | |a online resource |b cr |2 rdacarrier | ||
| 362 | 1 | |a Began with: Vol. 1, no. 1 (1993). | |
| 538 | |a Mode of access: World Wide Web. | ||
| 588 | |a Description based on: Vol. 1, no. 1 (1993); title from issue table of contents (tandfonline, viewed May 13, 2016). | ||
| 588 | |a Latest issue consulted: Vol. 24, no. 1 (2016) (tandfonline, viewed May 13, 2016). | ||
| 500 | |a Electronic resource. | ||
| 650 | 0 | |a Strabismus |v Periodicals. | |
| 650 | 0 | |a Neurophysiology |v Periodicals. |0 http://id.loc.gov/authorities/subjects/sh2010103668 | |
| 650 | 7 | |a Neurophysiology. |2 fast |0 (OCoLC)fst01036464 | |
| 650 | 7 | |a Strabismus. |2 fast |0 (OCoLC)fst01134267 | |
| 655 | 7 | |a Periodicals. |2 fast |0 (OCoLC)fst01411641 | |
| 776 | 0 | 8 | |i Print version: |t Strabismus |x 0927-3972 |w (DLC)sn 93038333 |w (OCoLC)28551825 |
| 948 | |a cataloged |b h |c 2016/5/13 |d c |e spoltoratski |f 9:52:01 am |g CF | ||
| 994 | |a C0 |b TXA | ||
| 999 | f | f | |s 2de70339-f751-336c-be02-dd8c1c8701b3 |i 83089b9f-d1c8-3ff3-a151-0c12c5ba7bca |t 0 |
| 952 | f | f | |a Texas A&M University |b College Station |c Electronic Resources |d Available Online |t 0 |e RE771 .S77 |g Electronic |h Library of Congress classification |
| 998 | f | f | |a RE771 .S77 |t 0 |l Available Online |